Countries of Europe by Population quiz - Statistics

General Stats
  • This quiz has been taken 37 times
  • The average score is 38 of 46
Answer Stats
Population Answer % Correct
66.6 Million F France
100%
84 Million G Germany
100%
59.1 Million I Italy
100%
38.1 Million P Poland
100%
143.9 Million R Russia
100%
47.8 Million S Spain
100%
69.5 Million U United Kingdom
100%
18.9 Million R Romania
97%
38.9 Million U Ukraine
97%
11.7 Million B Belgium
94%
18.3 Million N Netherlands
94%
9.6 Million H Hungary
91%
10.4 Million P Portugal
91%
6 Million D Denmark
88%
5.4 Million S Slovakia
88%
10.6 Million S Sweden
88%
501 V Vatican
88%
9.1 Million A Austria
84%
10.6 Million C Czech Republic
84%
5.6 Million F Finland
84%
5.3 Million I Ireland
84%
1.8 Million NM North Macedonia
84%
33 Thousand S San Marino
84%
3.8 Million C Croatia
81%
9.9 Million G Greece
81%
1.8 Million L Latvia
81%
40 Thousand L Liechtenstein
81%
680 Thousand L Luxembourg
81%
545 Thousand M Malta
81%
5.6 Million N Norway
81%
2.1 Million S Slovenia
81%
8.9 Million B Belarus
78%
3.1 Million B Bosnia and Herzegovina
78%
2.8 Million L Lithuania
78%
38 Thousand M Monaco
78%
8.9 Million S Switzerland
78%
82 Thousand A Andorra
75%
6.7 Million B Bulgaria
75%
1.3 Million E Estonia
75%
1.6 Million K Kosovo
75%
6.6 Million S Serbia
75%
2.7 Million A Albania
72%
398 Thousand I Iceland
69%
632 Thousand M Montenegro
69%
2.9 Million M Moldova
66%
56 Thousand F Faeroe Islands
31%
No matching quizzes found
Score Distribution
Percent of People with Each Score
Percentile by Number Answered
Your Score History
You have not taken this quiz